00993nam a2200277 a 450000100060000000300080000600500170001400800410003102000150007203500190008704000270010604100080013308200240014110000260016524500600019125000120025126000290026330000340029250000770032650400290040365000530043265000360048594200120052199900170053395201650055046531BD-RjUL20211209054151.0160803s1970 enkaf b 001 0 eng  a0420428100 a(BD-RjUL)46650 aDLCcDLCdBD-RjULbeng aeng00a341.2223bBOL 19701 aBowett, D. W.914195414aThe law of international institutions /c D. W. Bowett. a2nd ed. aLondon :bStevens,c1970 axviii, 384 p. :bill.c23 cm. a"Published under the auspices of the London Institute of World Affairs." aIncludes bibliographies. 0aRegionalism (International organization)9129010 0aInternational agencies.9141955 2ddccBK c46531d46531 00102ddc40708NFICaRUCLbRUCLcStackd1975-01-03eJanathan wre and co, londong3.75l1o341.2 BOL 1970r2023-07-18 00:00:00s2023-06-18tC-2w2016-08-03yBK